| 000 | 01008camaa2200349Mu 4500 | ||
|---|---|---|---|
| 001 | 93621 | ||
| 005 | 20230410132923.0 | ||
| 008 | 080926c19779999sp 000 0 spa d | ||
| 035 | _a(OCoLC)ocn434087880 | ||
| 040 |
_aBNM _erdc _bspa _cBNM _dESUDE |
||
| 016 | 7 |
_abimoBNE19921129261 _2SpMaBN |
|
| 017 | _aM 31058-1985 | ||
| 020 | _a9788424910044 | ||
| 035 | _a(OCoLC)434087880 | ||
| 041 | 1 |
_aspa _hgrc |
|
| 050 | 1 | 4 |
_aB 171 _bB582 1977 |
| 100 | 0 | _aPlotino. | |
| 130 | 1 | _aBiblioteca Clásica Gredos. | |
| 245 | 1 | 0 |
_aEnéadas : _bIII-IV / _cPlotino ; introducciones, traducciones y notas de Jesús Igal. |
| 260 |
_aMadrid : _bGredos, _c1977 |
||
| 300 |
_a557 p. _c20 cm. |
||
| 440 | 0 |
_aBiblioteca clásica Gredos ; _vn.88 |
|
| 500 | _aíndice. | ||
| 650 | 0 | _aPhilosophy, Classical. | |
| 650 | 0 | _aPhilosophy, Ancient. | |
| 650 | 0 | 4 | _aFilosofía antigua. |
| 700 | 1 | _aIgal, Jesús. | |
| 830 | 0 |
_aBiblioteca clásica Gredos ; _v88. |
|
| 942 |
_2lcc _cbk |
||
| 946 | _amjcruz | ||
| 994 |
_aC0 _bDRFGD |
||
| 999 |
_c90213 _d90213 |
||